Libertadores Final Four (Ever) - Statistics

General Stats
  • This quiz has been taken 207 times
  • The average score is 28 of 60
Answer Stats
Champion % Correct
Boca Juniors
94%
River Plate
93%
Santos
88%
Flamengo
85%
São Paulo
81%
Fluminense
79%
Corinthians
77%
Palmeiras
77%
Botafogo
75%
Grêmio
71%
Colo-Colo
68%
Independiente
66%
Vasco da Gama
66%
Atlético Mineiro
65%
Nacional
63%
Nacional (PAR)
63%
Racing
63%
Peñarol
61%
Internacional
60%
Cruzeiro
57%
Barcelona SC
55%
Estudiantes
54%
Newell's Old Boys
54%
San Lorenzo
52%
América
49%
Lanús
48%
LDU Quito
48%
Atlético Nacional
46%
Olimpia
46%
Vélez Sarsfield
44%
Deportivo Cali
43%
Universidad Católica
43%
Tigres
41%
Rosario Central
39%
Athletico Paranaense
38%
Once Caldas
37%
Universidad de Chile
37%
Argentinos Juniors
34%
Bolívar
34%
Cerro Porteño
34%
Independiente del Valle
34%
Cruz Azul
32%
São Caetano
32%
Sporting Cristal
32%
Chivas
31%
Independiente Medellín
31%
Universitario
30%
América de Cali
28%
Libertad
27%
Alianza Lima
26%
Cobreloa
24%
Junior
24%
Millonarios
24%
Emelec
21%
Guaraní
21%
Santa Fe
20%
Defensor Sporting
19%
Danubio
17%
Unión Española
17%
Cúcuta Deportivo
10%
No matching quizzes found
Score Distribution
Percent of People with Each Score
Percentile by Number Answered
Your Score History
You have not taken this quiz